000 00319nam a2200133Ia 4500
005 20260328104248.0
008 260328s9999||||xx |||||||||||||| ||und||
100 _aWikstron, Jeppe
245 0 _aAday in the World /
_cJeppe Wikstron
260 _bEarth aware
300 _a510 p.
650 _aFOTOGRAFÍA
942 _cBK
999 _c10143
_d10143